Kipper : (Record no. 15443)

MARC details
000 -LEADER
fixed length control field 01573ngm a2200313 4500
003 - CONTROL NUMBER IDENTIFIER
control field dpl
005 - DATE AND TIME OF LATEST TRANSACTION
control field 20080723110517.0
007 - PHYSICAL DESCRIPTION FIXED FIELD--GENERAL INFORMATION
fixed length control field DVD
008 - FIXED-LENGTH DATA ELEMENTS--GENERAL INFORMATION
fixed length control field ||||||sp199 xxu|||||c|||| 00| 0 eng d
010 ## - LIBRARY OF CONGRESS CONTROL NUMBER
LC control number DVD-000340-42
024 ## - OTHER STANDARD IDENTIFIER
Standard number or code HIT1009
Terms of availability 299.00
035 ## - SYSTEM CONTROL NUMBER
System control number DVD-000340-42
040 ## - CATALOGING SOURCE
Original cataloging agency DPL
082 ## - DEWEY DECIMAL CLASSIFICATION NUMBER
Classification number DVD / KIPP
245 ## - TITLE STATEMENT
Title Kipper :
Statement of responsibility, etc Grand Slamm Children's Film Presents
Medium [videorecording] DVD/
Remainder of title The Visitor And Other Stories
260 ## - PUBLICATION, DISTRIBUTION, ETC. (IMPRINT)
Name of publisher, distributor, etc Grand Slamm Children's Film for Hit Entertainemnt PLC.
300 ## - PHYSICAL DESCRIPTION
Extent 1 videodisc DVD;
Other physical details sd., col. ;
Dimensions 4 3/4 in.
Type of unit DVD
440 ## - SERIES STATEMENT/ADDED ENTRY--TITLE
Title Hit Entertainment PLC
500 ## - GENERAL NOTE
General note Sole Distributor in India M/s. Excel Productions Autio Visuals Pvt. Ltd.
500 ## - GENERAL NOTE
General note From the Books by Mick Inkpen
538 ## - SYSTEM DETAILS NOTE
System details note Dolby Digital 5.1-English
538 ## - SYSTEM DETAILS NOTE
System details note Aspect Ratio: 1.78:1, Presentation type: Wide Screne, Presentation Size 16x9, Format DVD 9 Dual Layer Single Sided Disc.
650 ## - SUBJECT ADDED ENTRY--TOPICAL TERM
Topical term or geographic name as entry element Animated Movie
942 ## - ADDED ENTRY ELEMENTS (KOHA)
Koha item type CD-ROMs, DVDs, VHS
Source of classification or shelving scheme Dewey Decimal Classification
Classification part DVD
Call number suffix KIPP
Holdings
Withdrawn status Lost status Source of classification or shelving scheme Damaged status Not for loan Home library Current library Date acquired Source of acquisition Cost, normal purchase price Total Checkouts Full call number Barcode Date last seen Date checked out Copy number Cost, replacement price Price effective from Koha item type
    Dewey Decimal Classification     Central Library Central Library 09/09/2008 Purchase 299.00 4 DVD KIPP DVD-000340 24/03/2011 07/03/2011 1 299.00 15/09/2008 CD-ROMs, DVDs, VHS
    Dewey Decimal Classification     Patel Nagar Patel Nagar 09/09/2008 Purchase 299.00 2 DVD KIPP DVD-000342 28/01/2013 05/01/2013 1 299.00 15/09/2008 CD-ROMs, DVDs, VHS
    Dewey Decimal Classification     Sarojini Nagar Sarojini Nagar 09/09/2008 Purchase 299.00 10 DVD KIPP DVD-000341 09/11/2013 18/10/2013 1 299.00 15/09/2008 CD-ROMs, DVDs, VHS

© Delhi Public Library
Hit Counter
free hit counter